From darkness to light : (Record no. 6583)
[ view plain ]
| 000 -LEADER | |
|---|---|
| fixed length control field | 01422nam a22001697a 4500 |
| 003 - CONTROL NUMBER IDENTIFIER | |
| control field | GBCCL |
| 005 - DATE AND TIME OF LATEST TRANSACTION | |
| control field | 20241126110606.0 |
| 008 - FIXED-LENGTH DATA ELEMENTS--GENERAL INFORMATION | |
| fixed length control field | 180515b ||||| |||| 00| 0 eng d |
| 040 ## - CATALOGING SOURCE | |
| Transcribing agency | gbc |
| 082 ## - DEWEY DECIMAL CLASSIFICATION NUMBER | |
| Classification number | 248.240922 |
| Item number | FRO |
| 245 ## - TITLE STATEMENT | |
| Title | From darkness to light : |
| Remainder of title | twenty testimonies to the light of the Gospel / |
| Statement of responsibility, etc. | Compiled by Merton B. Osborn |
| 260 ## - PUBLICATION, DISTRIBUTION, ETC. | |
| Place of publication, distribution, etc. | Chicago: |
| Name of publisher, distributor, etc. | Moody Press, |
| Date of publication, distribution, etc. | 1962 |
| 300 ## - PHYSICAL DESCRIPTION | |
| Extent | 158 p.; |
| Dimensions | 18 cm. |
| 505 ## - FORMATTED CONTENTS NOTE | |
| Formatted contents note | The truly satisfying life / Mark O. Hatfield --<br/>From yoga to Christ / M.G. Satyanadham --<br/>The Mohammedo who really lives again / Alice Daniel --<br/>Transformation of Asog / Dan Ebert --<br/>Dark of the moon / Bob Pierce --<br/>Why didn't your grandfather come? / J. Arthur Mouw --<br/>Buddha couldn't help me / Anonymous --<br/>Apostle of the bleeding feet / James Jauncey --<br/>A completed Jew / Leonard Fromson --<br/>I was a Roman Catholic / Ben Borders James C. Hefley --<br/>My twenty-five years in a false religion / William H. Mastbrook --<br/>Liberty to the captives / Luiz Cardoso --<br/>Born to reproduce / Dawson Trotman --<br/>The story of First Mate Bob / First Mate Bob --<br/>Testimony of a Communist army major / John H. Muller --<br/>The story of David Rowlands, M.D. / David Rowlands --<br/>From darkness to light / Zella Mary Osborn --<br/>Confession of an atheist / Ralph E. Underwood --<br/>Objections overruled! / Allen Mayer Jack Odell --<br/>A Jew and the name of Messiah / Daniel Rose. |
| 650 ## - SUBJECT ADDED ENTRY--TOPICAL TERM | |
| Topical term or geographic name entry element | Converts |
| 9 (RLIN) | 9262 |
| 942 ## - ADDED ENTRY ELEMENTS (KOHA) | |
| Source of classification or shelving scheme | Dewey Decimal Classification |
| Koha item type | Books |
| Koha issues (borrowed), all copies | 1 |
| Withdrawn status | Lost status | Source of classification or shelving scheme | Damaged status | Not for loan | Home library | Current Library | Shelving location | Date acquired | Total checkouts | Full call number | Barcode | Date last seen | Date last checked out | Copy number | Price effective from | Koha item type |
|---|---|---|---|---|---|---|---|---|---|---|---|---|---|---|---|---|
| Dewey Decimal Classification | GRACE BIBLE COLLEGE | GRACE BIBLE COLLEGE | Ministry & Mission | 2018-05-18 | 1 | 248.240922 FRO | 000860 | 2025-05-01 | 2024-02-17 | c.1 | 2018-05-18 | Books |